| 000 | 00398nam a2200157Ia 4500 | ||
|---|---|---|---|
| 008 | 230917s9999||||xx |||||||||||||| ||und|| | ||
| 020 | _cRS3.5 | ||
| 040 |
_e10927 _aMAIN |
||
| 041 | _aEnglish | ||
| 082 | _a330.9 H743P | ||
| 100 | _aHolt, Robert T | ||
| 245 | 0 | _aPolitical basis of economics development | |
| 260 |
_aBombay _bVakils, Feffer and Simons _c1966 |
||
| 300 | _a206 p. | ||
| 942 | _cBK | ||
| 999 |
_c102600 _d102600 |
||